<?xml version="1.0" encoding="UTF-8"?>
<record
    xmlns:xsi="http://www.w3.org/2001/XMLSchema-instance"
    xsi:schemaLocation="http://www.loc.gov/MARC21/slim http://www.loc.gov/standards/marcxml/schema/MARC21slim.xsd"
    xmlns="http://www.loc.gov/MARC21/slim">

  <leader>01125nam a2200289   4500</leader>
  <controlfield tag="003">BOFEUTO</controlfield>
  <controlfield tag="005">20260512145327.0</controlfield>
  <controlfield tag="008">260504t2025    bo a   gr     001 | spa d</controlfield>
  <datafield tag="040" ind1=" " ind2=" ">
    <subfield code="6">BOFEUTO</subfield>
    <subfield code="a">BOFEUTO</subfield>
    <subfield code="c">BOFEUTO</subfield>
  </datafield>
  <datafield tag="041" ind1=" " ind2=" ">
    <subfield code="a">spa</subfield>
  </datafield>
  <datafield tag="044" ind1=" " ind2=" ">
    <subfield code="a">bo</subfield>
  </datafield>
  <datafield tag="082" ind1=" " ind2=" ">
    <subfield code="a">TE6288</subfield>
    <subfield code="b">Eq64e</subfield>
  </datafield>
  <datafield tag="100" ind1=" " ind2=" ">
    <subfield code="a">Equiza Josephia, Aracely Fanny</subfield>
    <subfield code="e">autor</subfield>
  </datafield>
  <datafield tag="245" ind1=" " ind2=" ">
    <subfield code="a">Estrategias de marketing relacional para el servicio de transporte de pasajeros en la empresa "Chino Bus" de la ciudad de Oruro /</subfield>
    <subfield code="c">Aracely Fanny Equiza Josephia, Rosario Del Castillo Rodriguez</subfield>
  </datafield>
  <datafield tag="260" ind1=" " ind2=" ">
    <subfield code="a">Oruro :</subfield>
    <subfield code="b">s/n,</subfield>
    <subfield code="c">2025.</subfield>
  </datafield>
  <datafield tag="300" ind1=" " ind2=" ">
    <subfield code="a">67 hojas ;</subfield>
    <subfield code="b">gr&#xE1;f., tabl., im&#xE1;genes ;</subfield>
    <subfield code="c">25.5 cm.</subfield>
  </datafield>
  <datafield tag="500" ind1=" " ind2=" ">
    <subfield code="a">Incluye bibliograf&#xED;a, anexos.</subfield>
  </datafield>
  <datafield tag="502" ind1=" " ind2=" ">
    <subfield code="a">Tesis Dirigida, (Licenciatura) -- Universidad T&#xE9;cnica de Oruro, Facultad de Ciencias Econ&#xF3;micas, Financieras y Administrativas, Carrera Administraci&#xF3;n de Empresas, 2024.</subfield>
  </datafield>
  <datafield tag="650" ind1=" " ind2=" ">
    <subfield code="a">Administraci&#xF3;n</subfield>
  </datafield>
  <datafield tag="653" ind1=" " ind2=" ">
    <subfield code="a">Marketing</subfield>
  </datafield>
  <datafield tag="653" ind1=" " ind2=" ">
    <subfield code="a">Marketing relacional</subfield>
  </datafield>
  <datafield tag="653" ind1=" " ind2=" ">
    <subfield code="a">Producci&#xF3;n</subfield>
  </datafield>
  <datafield tag="653" ind1=" " ind2=" ">
    <subfield code="a">Patrimonio</subfield>
  </datafield>
  <datafield tag="700" ind1=" " ind2=" ">
    <subfield code="a">Del Castillo Rodr&#xED;guez, Rosario</subfield>
    <subfield code="e">tutor</subfield>
  </datafield>
  <datafield tag="942" ind1=" " ind2=" ">
    <subfield code="2">ddc</subfield>
    <subfield code="c">TE</subfield>
    <subfield code="n">0</subfield>
  </datafield>
  <datafield tag="942" ind1=" " ind2=" ">
    <subfield code="n">0</subfield>
    <subfield code="2">ddc</subfield>
  </datafield>
  <datafield tag="999" ind1=" " ind2=" ">
    <subfield code="c">16151</subfield>
    <subfield code="d">16151</subfield>
  </datafield>
  <datafield tag="952" ind1=" " ind2=" ">
    <subfield code="0">0</subfield>
    <subfield code="1">0</subfield>
    <subfield code="2">ddc</subfield>
    <subfield code="4">0</subfield>
    <subfield code="7">0</subfield>
    <subfield code="a">UTO</subfield>
    <subfield code="b">UTO</subfield>
    <subfield code="c">1</subfield>
    <subfield code="d">2026-05-04</subfield>
    <subfield code="e">Donaci&#xF3;n</subfield>
    <subfield code="i">6288</subfield>
    <subfield code="l">1</subfield>
    <subfield code="o">TE6288/Eq64e/2025</subfield>
    <subfield code="p">TE6288</subfield>
    <subfield code="r">2026-06-17 17:57:21</subfield>
    <subfield code="s">2026-06-17</subfield>
    <subfield code="t">Ej. 1</subfield>
    <subfield code="w">2026-05-12</subfield>
    <subfield code="y">TE</subfield>
  </datafield>
</record>
